000 01491nam0a2200337 4500
001 RU\NLR\bibl\197952
005 20260405183548.0
021 _aRU
_b2001-14384
_9671
035 _a(NLR Aleph) 000194377
090 _a1124982
_c1124982
100 _a20010619d2001 |||y0rusy50 ca
101 0 _arus
102 _aRU
105 _aa |||||||||
200 1 _aПромышленно-финансовые системы: генезис и методические основы организации
_fВ. Д. Морозова
_gМ-во образования Рос. Федерации, С.-Петерб. гос. ун-т экономики и финансов
210 _aСПб.
_cИзд-во С.-Петерб. гос. ун-та экономики и финансов
_d2001
215 _a98 с.
_cил.
_d20
320 _aБиблиогр.: с. 96-98
606 0 _aФинансово-промышленные группы
_yРоссийская Федерация
_92068593
_3RU\NLR\auth\661243253
610 0 _aФинансово-промышленные группы
675 _a336.6
_v3
_zrus
686 _a06.75
_2rugasnti
686 _a65.261.8
_2rubbk
686 _aУ9(2)-13(2Р)
700 1 _4070
_8rus
_7ca
_aМорозова
_bВ. Д.
_cд-р экон. наук
_gВера Даниловна
_3RU\NLR\auth\7780142
_963070
801 0 _aRU
_bRKP
_c20010619
_gPSBO
801 1 _aRU
_bRKP
_c20010619
801 2 _aRU
_bNLR
_c20091028
_grcr
942 _cBOOK
980 _aNB